[Event "RUS-chT Seniors final"]
[Site "Sochi"]
[Date "2019.05.03"]
[Round "3.2"]
[White "Shvedchikov, Anatoli I"]
[Black "Balashov, Yuri S"]
[Result "0-1"]
[WhiteElo "2284"]
[BlackElo "2471"]
[PlyCount "92"]
[EventDate "2019.05.01"]
[EventType "team-tourn"]
[EventRounds "9"]
[EventCountry "RUS"]
[SourceTitle "CBM 190 Extra"]
[Source "ChessBase"]
[SourceDate "2019.07.15"]
[SourceVersion "1"]
[SourceVersionDate "2019.07.15"]
[SourceQuality "1"]
[WhiteTeam "Moscow Legacy Square"]
[BlackTeam "Cheliabinsk Yuzhnyy Ural"]
[WhiteTeamCountry "RUS"]
[BlackTeamCountry "RUS"]

1. d4 Nf6 2. Nf3 g6 3. Bf4 Bg7 4. e3 d6 5. h3 0-0 6. Be2 Nbd7 7. 0-0 Qe8 8. Bh2 e5 9. dxe5 dxe5 10. Nbd2 Qe7 11. Nc4 Rd8 12. Qc1 Ne4 13. Rd1 Re8 14. a4 b6 15. c3 Bb7 16. a5 Nec5 17. Ncd2 e4 18. Nd4 Ne5 19. Bxe5 Bxe5 20. Bb5 Rec8 21. Nc6 Qf6 22. Nxe5 Qxe5 23. axb6 axb6 24. Qc2 Rxa1 25. Rxa1 Rd8 26. Be2 Bc6 27. b4 Nd3 28. Nb3 Qf6 29. Bf1 Bd5 30. Ra3 c5 31. bxc5 bxc5 32. c4 Be6 33. Nc1 Nxc1 34. Qxc1 Rb8 35. Qc3 Qxc3 36. Rxc3 Rb1 37. g4 h5 38. Kg2 hxg4 39. h4 Kg7 40. Be2 Kh6 41. Ra3 Kh5 42. Ra5 Kxh4 43. Rxc5 Rb2 44. Kf1 Kh3 45. Ke1 Rb1+ 46. Kd2 Kg2 0-1

[Event "RUS-chT Seniors final"]
[Site "Sochi"]
[Date "2019.05.01"]
[Round "1.2"]
[White "Shvedchikov, Anatoli I"]
[Black "Murzin, Lenar"]
[Result "1-0"]
[WhiteElo "2284"]
[BlackElo "2036"]
[PlyCount "83"]
[EventDate "2019.05.01"]
[EventType "team-tourn"]
[EventRounds "9"]
[EventCountry "RUS"]
[SourceTitle "CBM 190 Extra"]
[Source "ChessBase"]
[SourceDate "2019.07.15"]
[SourceVersion "1"]
[SourceVersionDate "2019.07.15"]
[SourceQuality "1"]
[WhiteTeam "Moscow Legacy Square"]
[BlackTeam "Tatarstan Ladya"]
[WhiteTeamCountry "RUS"]
[BlackTeamCountry "RUS"]

1. c4 Nf6 2. Nc3 e6 3. e4 c5 4. g3 Nc6 5. f4 d6 6. Bg2 Be7 7. Nge2 a6 8. d4 cxd4 9. Nxd4 Bd7 10. Be3 Rb8 11. 0-0 0-0 12. Qe2 Nxd4 13. Bxd4 b5 14. e5 dxe5 15. fxe5 Ne8 16. b3 Bc6 17. Rfd1 Bxg2 18. Kxg2 Qc7 19. Ne4 bxc4 20. bxc4 Qc6 21. Kh3 f5 22. exf6 Bxf6 23. Bxf6 Nxf6 24. Nd6 e5 25. Qxe5 Rbe8 26. Nxe8 Qc8+ 27. Kg2 Rxe8 28. Qb2 Ng4 29. Rd4 Qc6+ 30. Kg1 Qf3 31. Rf1 Qe3+ 32. Kg2 h5 33. h3 Ne5 34. Qf2 Qh6 35. Qf4 Qc6+ 36. Qe4 Qa4 37. Qd5+ Kh7 38. Re4 Qc2+ 39. Rf2 Qc3 40. Qd2 Qa3 41. Qe2 Qe7 42. Rf5 1-0

[Event "RUS-chT Seniors"]
[Site "Sochi"]
[Date "2018.05.05"]
[Round "5.3"]
[White "Blechzin, Igor"]
[Black "Shvedchikov, Anatoli I"]
[Result "0-1"]
[WhiteElo "2251"]
[BlackElo "2279"]
[PlyCount "76"]
[EventDate "2018.05.01"]
[EventType "team-tourn"]
[EventRounds "10"]
[EventCountry "RUS"]
[SourceTitle "EXT 2019"]
[Source "ChessBase"]
[SourceDate "2018.10.10"]
[SourceVersion "1"]
[SourceVersionDate "2018.10.10"]
[SourceQuality "1"]
[WhiteTeam "St Petersburg Bronze Horseman"]
[BlackTeam "Moscow ShSM"]
[WhiteTeamCountry "RUS"]
[BlackTeamCountry "RUS"]

1. c4 Nf6 2. Nc3 c6 3. Nf3 d5 4. e3 e6 5. d4 Nbd7 6. Bd3 b6 7. e4 dxe4 8. Nxe4 Bb7 9. 0-0 Be7 10. Bf4 0-0 11. Nd6 Qc7 12. c5 bxc5 13. dxc5 Nxc5 14. Nxb7 Qxb7 15. Bc2 Qxb2 16. Be5 Qa3 17. Ng5 h6 18. Bxf6 Bxf6 19. Nh7 Bxa1 20. Nxf8 Bf6 21. Nd7 Nxd7 22. Qxd7 Rd8 23. Qxc6 Qxa2 24. Qe4 g6 25. Bb1 Qb2 26. Qe3 Rd2 27. Kh1 Qd4 28. Qf3 Kg7 29. g3 Qc3 30. Qg4 h5 31. Qe4 Qb2 32. Kg2 Bd4 33. Qf3 Qc3 34. Qf4 Qe3 35. Qxe3 Bxe3 36. Kf3 Bd4 37. h4 f5 38. Kg2 e5 0-1

[Event "RUS-chT Seniors"]
[Site "Sochi"]
[Date "2018.05.03"]
[Round "3.2"]
[White "Shvedchikov, Anatoli I"]
[Black "Sabaev, Evgueni"]
[Result "1/2-1/2"]
[WhiteElo "2279"]
[BlackElo "2125"]
[PlyCount "83"]
[EventDate "2018.05.01"]
[EventType "team-tourn"]
[EventRounds "10"]
[EventCountry "RUS"]
[SourceTitle "EXT 2019"]
[Source "ChessBase"]
[SourceDate "2018.10.10"]
[SourceVersion "1"]
[SourceVersionDate "2018.10.10"]
[SourceQuality "1"]
[WhiteTeam "Moscow ShSM"]
[BlackTeam "Tatarstan Castle"]
[WhiteTeamCountry "RUS"]
[BlackTeamCountry "RUS"]

1. c4 e6 2. Nf3 d5 3. b3 Nf6 4. Bb2 Be7 5. e3 0-0 6. Nc3 b6 7. cxd5 exd5 8. d4 Bb7 9. Be2 Nbd7 10. 0-0 c5 11. Rc1 Rc8 12. Rc2 Re8 13. Qc1 Bd6 14. Rd1 Ne4 15. dxc5 Nxc3 16. Bxc3 bxc5 17. Bb2 Qe7 18. h3 Red8 19. Qa1 f6 20. Rcd2 Kh8 21. Nh4 Be5 22. Bf3 Bxb2 23. Qxb2 Nb6 24. Nf5 Qc7 25. Qc3 Qd7 26. Bg4 h5 27. Bxh5 Qxf5 28. Bg4 Qe5 29. Qa5 Rc7 30. Qxa7 Nc8 31. Qa5 Ne7 32. Rc2 f5 33. Bf3 Rdc8 34. Rdc1 Qd6 35. Qd2 Qb6 36. Qd1 c4 37. bxc4 Rxc4 38. Rxc4 dxc4 39. Bxb7 Qxb7 40. Rxc4 Rxc4 41. Qh5+ Kg8 42. Qe8+ 1/2-1/2

[Event "Moscow-ch final"]
[Site "Moscow"]
[Date "2018.04.01"]
[Round "9"]
[White "Shvedchikov, Anatoli I"]
[Black "Zakhartsov, Vladimir"]
[Result "0-1"]
[WhiteElo "2285"]
[BlackElo "2481"]
[PlyCount "88"]
[EventDate "2018.03.24"]
[EventType "swiss"]
[EventRounds "9"]
[EventCountry "RUS"]
[SourceTitle "CBM 183 Extra"]
[Source "ChessBase"]
[SourceDate "2018.04.19"]
[SourceVersion "1"]
[SourceVersionDate "2018.04.19"]
[SourceQuality "1"]

1. c4 e5 2. Nc3 Nf6 3. Nf3 Nc6 4. e3 Bb4 5. Qc2 0-0 6. Nd5 Re8 7. Bd3 h6 8. Nxf6+ Qxf6 9. Be4 Bf8 10. b3 g6 11. Bb2 Bg7 12. 0-0 Qe7 13. a3 f5 14. Bd5+ Kh7 15. c5 d6 16. b4 Be6 17. cxd6 cxd6 18. Qb3 e4 19. Bxe6 Qxe6 20. Qxe6 Rxe6 21. Bxg7 Kxg7 22. b5 exf3 23. bxc6 fxg2 24. Rfc1 b6 25. c7 Rc8 26. Rc6 Kf7 27. Rac1 Ke7 28. Kxg2 Re5 29. d4 Ra5 30. R6c3 Kd7 31. h4 f4 32. Kh3 fxe3 33. fxe3 Rf5 34. Kg3 g5 35. Kg4 Ke6 36. Rh1 gxh4 37. Rxh4 Rf6 38. Rh2 Kd7 39. Rhc2 Rg8+ 40. Kh4 Kc8 41. Rc6 Re6 42. R2c3 Re4+ 43. Kh5 Rg5+ 44. Kxh6 Rg1 0-1

[Event "Moscow-ch final"]
[Site "Moscow"]
[Date "2018.03.26"]
[Round "3"]
[White "Shvedchikov, Anatoli I"]
[Black "Vetokhin, Ilia"]
[Result "1/2-1/2"]
[WhiteElo "2285"]
[BlackElo "2071"]
[PlyCount "45"]
[EventDate "2018.03.24"]
[EventType "swiss"]
[EventRounds "9"]
[EventCountry "RUS"]
[SourceTitle "CBM 183 Extra"]
[Source "ChessBase"]
[SourceDate "2018.04.19"]
[SourceVersion "1"]
[SourceVersionDate "2018.04.19"]
[SourceQuality "1"]

1. c4 g6 2. e4 Bg7 3. d4 d6 4. Nc3 Nf6 5. f3 0-0 6. Be3 b6 7. d5 c5 8. dxc6 Nxc6 9. Nge2 Bb7 10. Qd2 Rc8 11. Rd1 a6 12. b3 Nd7 13. Bh6 Qc7 14. Bxg7 Kxg7 15. Nd5 Qb8 16. h4 e6 17. h5 exd5 18. hxg6 hxg6 19. Qh6+ Kf6 20. Qh4+ Kg7 21. Qh6+ Kf6 22. Qh4+ Kg7 23. Qh6+ 1/2-1/2

[Event "RUS-chT Seniors"]
[Site "Sochi"]
[Date "2017.05.05"]
[Round "5.1"]
[White "Shvedchikov, Anatoli I"]
[Black "Sabaev, Evgueni"]
[Result "1-0"]
[WhiteElo "2285"]
[BlackElo "2155"]
[PlyCount "42"]
[EventDate "2017.05.01"]
[EventType "team-tourn"]
[EventRounds "10"]
[EventCountry "RUS"]
[SourceTitle "CBM 178 Extra"]
[Source "ChessBase"]
[SourceDate "2017.06.22"]
[SourceVersion "1"]
[SourceVersionDate "2017.06.22"]
[SourceQuality "1"]

1. c4 f5 2. Nf3 Nf6 3. g3 g6 4. b3 Bg7 5. Bb2 0-0 6. Bg2 d6 7. d4 e6 8. Nbd2 Qe8 9. 0-0 Nc6 10. Re1 e5 11. e4 fxe4 12. Nxe4 Nxe4 13. Rxe4 Bf5 14. Re1 Qc8 15. dxe5 Bg4 16. Qd5+ Kh8 17. Ng5 Qf5 18. f4 dxe5 19. h3 Bh5 20. Ne6 Qc2 21. Rab1 g5 1-0

[Event "RUS-chT Seniors"]
[Site "Sochi"]
[Date "2017.05.02"]
[Round "2.2"]
[White "Shvedchikov, Anatoli I"]
[Black "Mishuchkov, Nikolai Mikhailovic"]
[Result "1/2-1/2"]
[WhiteElo "2285"]
[BlackElo "2321"]
[PlyCount "31"]
[EventDate "2017.05.01"]
[EventType "team-tourn"]
[EventRounds "10"]
[EventCountry "RUS"]
[SourceTitle "CBM 178 Extra"]
[Source "ChessBase"]
[SourceDate "2017.06.22"]
[SourceVersion "1"]
[SourceVersionDate "2017.06.22"]
[SourceQuality "1"]

1. d4 d5 2. c4 dxc4 3. e4 Nf6 4. e5 Nd5 5. Bxc4 Nb6 6. Bb3 Nc6 7. Nf3 Bg4 8. Ng5 Bxd1 9. Bxf7+ Kd7 10. Be6+ Ke8 11. Bf7+ Kd7 12. Be6+ Ke8 13. Bf7+ Kd7 14. Be6+ Ke8 15. Bf7+ Kd7 16. Be6+ 1/2-1/2

[Event "Moscow-ch"]
[Site "Moscow"]
[Date "2017.04.07"]
[Round "7"]
[White "Shvedchikov, Anatoli I"]
[Black "Kozionov, Kirill"]
[Result "0-1"]
[WhiteElo "2293"]
[BlackElo "2440"]
[PlyCount "103"]
[EventDate "2017.04.01"]
[EventType "swiss"]
[EventRounds "9"]
[EventCountry "RUS"]
[SourceTitle "CBM 177 Extra"]
[Source "ChessBase"]
[SourceDate "2017.04.27"]
[SourceVersion "1"]
[SourceVersionDate "2017.04.27"]
[SourceQuality "1"]

1. d4 Nf6 2. Nf3 c5 3. c3 e6 4. Bf4 Nc6 5. e3 Nh5 6. Bg5 Qb6 7. Qb3 h6 8. Qxb6 axb6 9. Bh4 g5 10. Bg3 Nxg3 11. hxg3 Bg7 12. g4 d5 13. Bb5 Bd7 14. Nbd2 Ke7 15. Be2 Rhf8 16. a3 f5 17. gxf5 exf5 18. g3 c4 19. Ng1 b5 20. Rc1 Kd6 21. Bf3 Ne7 22. Ne2 Ng8 23. Bg2 Rae8 24. Nf1 Nf6 25. f3 Re7 26. Kf2 Rfe8 27. Re1 h5 28. Ng1 f4 29. gxf4 gxf4 30. Re2 fxe3+ 31. Rxe3 Rxe3 32. Nxe3 Bh6 33. Nf1 Bc1 34. Ne2 Bxb2 35. Ne3 Bxa3 36. Ra1 b4 37. cxb4 Bxb4 38. Rb1 Bd2 39. Nf1 Ba5 40. Rxb7 h4 41. Ra7 Bb6 42. Ra6 Kc6 43. Ne3 h3 44. Bh1 Rf8 45. f4 Ng4+ 46. Nxg4 Bxg4 47. Bxd5+ Kxd5 48. Rxb6 Bxe2 49. Kxe2 Rh8 50. Rb1 h2 51. Rh1 Kxd4 52. Kf3 0-1

[Event "Moscow-ch"]
[Site "Moscow"]
[Date "2017.04.06"]
[Round "6"]
[White "Yeritsyan, Aram"]
[Black "Shvedchikov, Anatoli I"]
[Result "1/2-1/2"]
[WhiteElo "2372"]
[BlackElo "2293"]
[PlyCount "172"]
[EventDate "2017.04.01"]
[EventType "swiss"]
[EventRounds "9"]
[EventCountry "RUS"]
[SourceTitle "CBM 177 Extra"]
[Source "ChessBase"]
[SourceDate "2017.04.27"]
[SourceVersion "1"]
[SourceVersionDate "2017.04.27"]
[SourceQuality "1"]

1. e4 c5 2. Nf3 Nc6 3. d4 cxd4 4. Nxd4 g6 5. c4 Nf6 6. Nc3 d6 7. Be2 Nxd4 8. Qxd4 Bg7 9. Be3 0-0 10. Qd2 a5 11. 0-0 a4 12. f3 Be6 13. Nb5 Nd7 14. Nd4 Qa5 15. Qxa5 Rxa5 16. Rac1 Nb8 17. Rfd1 Nc6 18. Nxe6 fxe6 19. c5 Rd8 20. cxd6 Rxd6 21. Rxd6 exd6 22. Rd1 a3 23. Bb6 Ra8 24. bxa3 Bf8 25. Bc7 Ra4 26. Bxd6 Nd4 27. Bxf8 Kxf8 28. Bf1 b5 29. e5 Ke7 30. Rb1 Rxa3 31. Bxb5 Rxa2 32. Bc4 Ra7 33. Rd1 Rd7 34. Kf2 Rd8 35. Rb1 Rd7 36. Rb8 Rc7 37. Bd3 Nc6 38. Rb5 Nd8 39. h4 Nb7 40. Ke3 Nc5 41. Be2 Nd7 42. f4 h5 43. Ra5 Kf7 44. Ra8 Nb6 45. Ra3 Nc4+ 46. Bxc4 Rxc4 47. Kf3 Rc1 48. Ra7+ Kf8 49. Kg3 Rc3+ 50. Kf2 Rc2+ 51. Kf3 Rc3+ 52. Ke4 Rc4+ 53. Ke3 Rc2 54. Kf3 Rc3+ 55. Kf2 Rc2+ 56. Kg3 Rc3+ 57. Kh2 Rc4 58. g3 Rc2+ 59. Kh3 Rb2 60. Ra3 Rf2 61. Ra1 Rb2 62. Rf1 Ra2 63. Rf3 Ra1 64. Kg2 Rb1 65. Kf2 Rb2+ 66. Kg1 Ra2 67. Rf2 Ra3 68. Kg2 Rb3 69. Re2 Ra3 70. Kf2 Kf7 71. Re3 Ra1 72. Rd3 Ra2+ 73. Ke3 Ra4 74. Rc3 Kf8 75. Kf3 Ra1 76. g4 Rf1+ 77. Kg2 Rxf4 78. Rf3 Rxf3 79. Kxf3 hxg4+ 80. Kxg4 Kf7 81. Kf4 Kf8 82. Kg4 Kf7 83. Kf4 Kf8 84. Ke4 Ke7 85. Kf3 Kf8 86. h5 Kg7 1/2-1/2

[Event "Wch Seniors 65 26th"]
[Site "Marianske Lazne"]
[Date "2016.11.30"]
[Round "11"]
[White "Shvedchikov, Anatoli I"]
[Black "Renman, Nils Gustaf"]
[Result "0-1"]
[WhiteElo "2281"]
[BlackElo "2352"]
[PlyCount "72"]
[EventDate "2016.11.19"]
[EventType "swiss"]
[EventRounds "11"]
[EventCountry "CZE"]
[SourceTitle "CBM 175 Extra"]
[Source "ChessBase"]
[SourceDate "2016.12.12"]
[SourceVersion "1"]
[SourceVersionDate "2016.12.12"]
[SourceQuality "1"]

1. c4 e6 2. Nf3 d5 3. b3 d4 4. e3 c5 5. exd4 cxd4 6. g3 Nc6 7. Bg2 Bd6 8. 0-0 Nf6 9. d3 0-0 10. a3 a5 11. Bg5 h6 12. Bxf6 Qxf6 13. Ne1 e5 14. Nd2 Qe7 15. Nc2 f5 16. Qe2 Bd7 17. Rfe1 Rae8 18. Kh1 Kh8 19. Kg1 Qf6 20. Rab1 Qe7 21. Ra1 Bc5 22. Bd5 e4 23. f4 Qd6 24. Kh1 Ne7 25. b4 Nxd5 26. bxc5 Qxc5 27. Nb3 Qb6 28. Nbxd4 Nc3 29. Qd2 Qb2 30. Kg1 Ba4 31. Kg2 Rd8 32. dxe4 Bxc2 33. Qxc2 Qxc2+ 34. Nxc2 Rd2+ 35. Kh3 Rxc2 36. exf5 Rxf5 0-1

[Event "Wch Seniors 65 26th"]
[Site "Marianske Lazne"]
[Date "2016.11.24"]
[Round "6"]
[White "Gergel, Vladimir P"]
[Black "Shvedchikov, Anatoli I"]
[Result "0-1"]
[WhiteElo "2201"]
[BlackElo "2281"]
[PlyCount "106"]
[EventDate "2016.11.19"]
[EventType "swiss"]
[EventRounds "11"]
[EventCountry "CZE"]
[SourceTitle "CBM 175 Extra"]
[Source "ChessBase"]
[SourceDate "2016.12.12"]
[SourceVersion "1"]
[SourceVersionDate "2016.12.12"]
[SourceQuality "1"]

1. Nf3 Nf6 2. g3 d5 3. Bg2 c6 4. 0-0 h6 5. b3 Bf5 6. Bb2 e6 7. d3 Be7 8. Nbd2 0-0 9. Ne5 a5 10. a3 a4 11. b4 c5 12. b5 Qa5 13. c4 Rd8 14. Rb1 Nbd7 15. Qc2 Qc7 16. Nxd7 Rxd7 17. Rbd1 d4 18. Bc1 Bg6 19. Ne4 Ne8 20. f4 Ra7 21. Bh3 f5 22. Nf2 b6 23. Bg2 Bf6 24. Bf3 Nd6 25. Nh3 Nf7 26. Bc6 Rd6 27. Bf3 Bh7 28. Nf2 g5 29. Kh1 e5 30. Rg1 exf4 31. gxf4 g4 32. Bd5 Rxd5 33. cxd5 Qd7 34. Rg2 Qxd5 35. e4 dxe3 36. Bxe3 Nd6 37. d4 c4 38. Kg1 Re7 39. Bc1 Qxb5 40. d5 Qb3 41. Nh1 h5 42. Re2 h4 43. Qd2 Rxe2 44. Qxe2 Kg7 45. Nf2 Bg8 46. Be3 Nb5 47. Bd4 Nxd4 48. Rxd4 g3 49. Rxc4 gxf2+ 50. Kxf2 Bxd5 51. Rc1 Bd4+ 52. Ke1 Qe3 53. Rc7+ Kg6 0-1

[Event "EU-ch Seniors 65 16th"]
[Site "Yerevan"]
[Date "2016.06.10"]
[Round "6"]
[White "Veremeichik, Vladimir"]
[Black "Shvedchikov, Anatoli I"]
[Result "1/2-1/2"]
[WhiteElo "2293"]
[BlackElo "2289"]
[PlyCount "21"]
[EventDate "2016.06.05"]
[EventType "swiss"]
[EventRounds "9"]
[EventCountry "ARM"]
[SourceTitle "CBM 172 Extra"]
[Source "ChessBase"]
[SourceDate "2016.06.21"]
[SourceVersion "1"]
[SourceVersionDate "2016.06.21"]
[SourceQuality "1"]

1. d4 d5 2. Nf3 Nf6 3. c4 c6 4. e3 Bf5 5. Nc3 e6 6. Nh4 Bg6 7. Bd2 Nbd7 8. Nxg6 hxg6 9. h3 Be7 10. Qb3 Qb6 11. Be2 1/2-1/2

[Event "EU-ch Seniors 65 16th"]
[Site "Yerevan"]
[Date "2016.06.07"]
[Round "3"]
[White "Shvedchikov, Anatoli I"]
[Black "Vasiukov, Evgeni"]
[Result "1/2-1/2"]
[WhiteElo "2289"]
[BlackElo "2403"]
[PlyCount "20"]
[EventDate "2016.06.05"]
[EventType "swiss"]
[EventRounds "9"]
[EventCountry "ARM"]
[SourceTitle "CBM 172 Extra"]
[Source "ChessBase"]
[SourceDate "2016.06.21"]
[SourceVersion "1"]
[SourceVersionDate "2016.06.21"]
[SourceQuality "1"]

1. e4 e5 2. Nf3 Nc6 3. Nc3 Nf6 4. d4 exd4 5. Nxd4 Bb4 6. Nxc6 bxc6 7. Bd3 d5 8. exd5 Qe7+ 9. Qe2 Nxd5 10. Qxe7+ Kxe7 1/2-1/2

[Event "Elets-B 75th"]
[Site "Elets"]
[Date "2014.12.05"]
[Round "7"]
[White "Sargissyan, Sargis"]
[Black "Shvedchikov, Anatoli I"]
[Result "0-1"]
[WhiteElo "2293"]
[BlackElo "2331"]
[PlyCount "110"]
[EventDate "2014.11.29"]
[EventType "tourn"]
[EventRounds "9"]
[EventCountry "RUS"]
[EventCategory "2"]
[SourceTitle "EXT 2016"]
[Source "ChessBase"]
[SourceDate "2015.10.08"]
[SourceVersion "1"]
[SourceVersionDate "2015.10.08"]
[SourceQuality "1"]

1. e4 c5 2. Nf3 Nc6 3. d4 cxd4 4. Nxd4 g6 5. Nc3 Bg7 6. Be3 Nf6 7. Bc4 Qa5 8. 0-0 0-0 9. Nb3 Qd8 10. f4 d6 11. Be2 b6 12. Bf3 Bb7 13. Nd5 Nd7 14. Rb1 Nc5 15. Nxc5 bxc5 16. e5 Nd4 17. Bxd4 cxd4 18. Nf6+ exf6 19. Bxb7 Rb8 20. exf6 Bxf6 21. Be4 Qa5 22. a3 Kg7 23. Bd3 Rfe8 24. f5 Re3 25. Qg4 Qe5 26. fxg6 hxg6 27. b4 Rh8 28. g3 Qe6 29. Rf4 Be5 30. Qxe6 fxe6 31. Rg4 Rh6 32. b5 d5 33. Kg2 Bf6 34. b6 axb6 35. Rxb6 Kf8 36. Rf4 g5 37. Rf1 Ke7 38. a4 e5 39. Rb7+ Kd6 40. Rb6+ Ke7 41. Rf2 e4 42. Bb5 Ra3 43. Rb7+ Kd6 44. Rb6+ Ke7 45. Rb7+ Kd6 46. Rd7+ Ke6 47. Ra7 Ra2 48. Ra6+ Ke7 49. h3 d3 50. cxd3 Rxf2+ 51. Kxf2 Bd4+ 52. Kg2 e3 53. Ra8 Rf6 54. Re8+ Kd6 55. g4 Rf2+ 0-1

[Event "Elets-B 75th"]
[Site "Elets"]
[Date "2014.12.04"]
[Round "6"]
[White "Shvedchikov, Anatoli I"]
[Black "Pasiev, Rakhim"]
[Result "0-1"]
[WhiteElo "2331"]
[BlackElo "2393"]
[PlyCount "88"]
[EventDate "2014.11.29"]
[EventType "tourn"]
[EventRounds "9"]
[EventCountry "RUS"]
[EventCategory "2"]
[SourceTitle "EXT 2016"]
[Source "ChessBase"]
[SourceDate "2015.10.08"]
[SourceVersion "1"]
[SourceVersionDate "2015.10.08"]
[SourceQuality "1"]

1. c4 e5 2. Nc3 Nf6 3. Nf3 Nc6 4. e3 Bb4 5. Qc2 0-0 6. Nd5 Bc5 7. a3 Re8 8. Bd3 h6 9. Nxf6+ Qxf6 10. Be4 a5 11. b3 d6 12. h3 Ne7 13. g4 Bd7 14. Bb2 Bc6 15. 0-0-0 Bxe4 16. Qxe4 Qg6 17. Qxg6 Nxg6 18. d4 exd4 19. Nxd4 Bxd4 20. Rxd4 Ne5 21. Rd5 Nd7 22. Kc2 a4 23. b4 Nb6 24. Rb5 Nxc4 25. Rxb7 c5 26. bxc5 Rec8 27. Kd3 Rxc5 28. Bd4 Rc6 29. Ra1 Na5 30. Rb4 Nb3 31. Rd1 d5 32. Be5 f6 33. Rb8+ Rxb8 34. Bxb8 Kf7 35. Ba7 Ke6 36. f3 Rc7 37. Bd4 Rb7 38. Bc3 g6 39. Kc2 Rc7 40. Kb2 Rc4 41. Kc2 f5 42. gxf5+ gxf5 43. Kd3 Nc5+ 44. Kd2 f4 0-1

[Event "Elets-B 75th"]
[Site "Elets"]
[Date "2014.12.03"]
[Round "5"]
[White "Kostin, Alexey"]
[Black "Shvedchikov, Anatoli I"]
[Result "1-0"]
[WhiteElo "2297"]
[BlackElo "2331"]
[PlyCount "69"]
[EventDate "2014.11.29"]
[EventType "tourn"]
[EventRounds "9"]
[EventCountry "RUS"]
[EventCategory "2"]
[SourceTitle "EXT 2016"]
[Source "ChessBase"]
[SourceDate "2015.10.08"]
[SourceVersion "1"]
[SourceVersionDate "2015.10.08"]
[SourceQuality "1"]

1. e4 e5 2. f4 exf4 3. Bc4 d6 4. d4 Nf6 5. Nc3 Be7 6. Nf3 0-0 7. Bxf4 Nxe4 8. Nxe4 d5 9. Bd3 dxe4 10. Bxe4 Nd7 11. 0-0 Nf6 12. Bd3 Bg4 13. c3 Nd5 14. Qd2 Bh5 15. Ne5 f6 16. Nf3 Bg6 17. Bxg6 hxg6 18. Bg3 Bd6 19. Nh4 Bxg3 20. hxg3 g5 21. Nf5 g6 22. Ne3 Nxe3 23. Qxe3 Kg7 24. Rae1 Qd5 25. Qf3 Qxf3 26. gxf3 Rf7 27. Kf2 a5 28. Re6 Rd7 29. Rh1 a4 30. Ke2 Ra5 31. Re8 Rb5 32. Kd3 Rxb2 33. Reh8 Kf7 34. c4 b6 35. d5 1-0

[Event "Moscow-ch"]
[Site "Moscow"]
[Date "2014.03.30"]
[Round "9"]
[White "Shvedchikov, Anatoli I"]
[Black "Seliverstov, Vladimir"]
[Result "1/2-1/2"]
[WhiteElo "2347"]
[BlackElo "2440"]
[PlyCount "47"]
[EventDate "2014.03.22"]
[EventType "swiss"]
[EventRounds "9"]
[EventCountry "RUS"]
[SourceTitle "CBM 159 Extra"]
[Source "ChessBase"]
[SourceDate "2014.04.24"]
[SourceVersion "1"]
[SourceVersionDate "2014.04.24"]
[SourceQuality "1"]

1. c4 e5 2. Nc3 Nf6 3. Nf3 Nc6 4. e3 d6 5. d4 g6 6. Be2 Bg7 7. dxe5 Nxe5 8. Nxe5 dxe5 9. Qxd8+ Kxd8 10. b3 c6 11. Ba3 Be6 12. 0-0-0+ Kc8 13. h3 Rd8 14. Be7 Rd7 15. Bd6 Ne8 16. Ba3 f5 17. e4 Rxd1+ 18. Rxd1 Kc7 19. Be7 Bf6 20. Bf8 Bg7 21. Be7 Bf6 22. Bf8 Bg7 23. Be7 Bf6 24. Bf8 1/2-1/2

[Event "Moscow-ch"]
[Site "Moscow"]
[Date "2014.03.24"]
[Round "3"]
[White "Stukopin, Andrey"]
[Black "Shvedchikov, Anatoli I"]
[Result "1-0"]
[WhiteElo "2544"]
[BlackElo "2347"]
[PlyCount "60"]
[EventDate "2014.03.22"]
[EventType "swiss"]
[EventRounds "9"]
[EventCountry "RUS"]
[SourceTitle "CBM 159 Extra"]
[Source "ChessBase"]
[SourceDate "2014.04.24"]
[SourceVersion "1"]
[SourceVersionDate "2014.04.24"]
[SourceQuality "1"]

1. e4 c5 2. Nf3 Nc6 3. Nc3 g6 4. d4 cxd4 5. Nxd4 Bg7 6. Be3 Nf6 7. Bc4 Qa5 8. 0-0 0-0 9. Bb3 d6 10. h3 Bd7 11. Re1 Rfd8 12. Nd5 e6 13. Nxc6 Bxc6 14. Bd2 Qc5 15. Bb4 Qb5 16. a4 Qa6 17. Ne7+ Kh8 18. Nxc6 Qxc6 19. Qf3 Kg8 20. Rad1 d5 21. exd5 Nxd5 22. Ba3 Bf8 23. Bxf8 Kxf8 24. Rd4 Ne7 25. Qf6 Rxd4 26. Bxe6 Qe8 27. Qxd4 fxe6 28. Rxe6 Qd8 29. Qf6+ Ke8 30. Rd6 Qb6 1-0

[Event "Wch Seniors 23rd"]
[Site "Opatija"]
[Date "2013.11.18"]
[Round "6"]
[White "Shvedchikov, Anatoli I"]
[Black "Suba, Mihai"]
[Result "1/2-1/2"]
[WhiteElo "2363"]
[BlackElo "2413"]
[PlyCount "131"]
[EventDate "2013.11.12"]
[EventType "swiss"]
[EventRounds "11"]
[EventCountry "CRO"]
[SourceTitle "CBM 157 Extra"]
[Source "ChessBase"]
[SourceDate "2013.12.19"]
[SourceVersion "1"]
[SourceVersionDate "2013.12.19"]
[SourceQuality "1"]

1. c4 Nf6 2. Nc3 c5 3. g3 e6 4. Nf3 b6 5. Bg2 Bb7 6. 0-0 d6 7. d4 cxd4 8. Qxd4 a6 9. Rd1 Be7 10. Bg5 Nbd7 11. Bxf6 Nxf6 12. Ng5 Qc7 13. Bxb7 Qxb7 14. Nge4 Rd8 15. Rac1 0-0 16. Qd3 Nxe4 17. Qxe4 Qxe4 18. Nxe4 f5 19. Nc3 Rc8 20. b3 Rc6 21. a4 Kf7 22. Na2 Ra8 23. Nb4 Rc7 24. Nd3 Rac8 25. Kg2 g6 26. Kf3 Bg5 27. e3 Be7 28. h3 Rf8 29. Ke2 h5 30. h4 Rfc8 31. Kf3 Bf8 32. Ke2 Kf6 33. Kf3 a5 34. Rb1 Bh6 35. Nf4 Rd7 36. Rd2 Kf7 37. Rbd1 Bf8 38. e4 Rc5 39. Re2 fxe4+ 40. Rxe4 Rf5 41. Kg2 d5 42. cxd5 exd5 43. Red4 Bc5 44. Rxd5 Rdxd5 45. Rxd5 Rxd5 46. Nxd5 Ke6 47. Nf4+ Kf5 48. Kf3 Bf8 49. Nd3 Bd6 50. Ke3 Bb8 51. f4 Bd6 52. Kf3 Be7 53. Ne5 Bc5 54. Nc4 Bg1 55. Nd6+ Ke6 56. Ne4 Bd4 57. g4 hxg4+ 58. Kxg4 Kd5 59. Kf3 Bb2 60. Nd2 Bf6 61. Nc4 Bxh4 62. Nxb6+ Kc5 63. Nc4 Kb4 64. Ke4 Bd8 65. f5 gxf5+ 66. Kxf5 1/2-1/2

[Event "Wch Seniors 23rd"]
[Site "Opatija"]
[Date "2013.11.15"]
[Round "4"]
[White "Shvedchikov, Anatoli I"]
[Black "Haubt, Georg"]
[Result "1-0"]
[WhiteElo "2363"]
[BlackElo "2206"]
[PlyCount "81"]
[EventDate "2013.11.12"]
[EventType "swiss"]
[EventRounds "11"]
[EventCountry "CRO"]
[SourceTitle "CBM 157 Extra"]
[Source "ChessBase"]
[SourceDate "2013.12.19"]
[SourceVersion "1"]
[SourceVersionDate "2013.12.19"]
[SourceQuality "1"]

1. c4 e5 2. Nc3 Nf6 3. Nf3 Nc6 4. e3 Bb4 5. Qc2 0-0 6. Nd5 Re8 7. Bd3 h6 8. a3 Bf8 9. Nxf6+ Qxf6 10. Be4 d6 11. b3 Ne7 12. Bb2 Bf5 13. d4 Bxe4 14. Qxe4 Nc6 15. dxe5 dxe5 16. 0-0-0 Qe6 17. g4 g6 18. g5 h5 19. h4 Bg7 20. Rd5 Qf5 21. Qxf5 gxf5 22. Kc2 Re7 23. Rhd1 Rae8 24. b4 b6 25. Bc3 a6 26. b5 axb5 27. cxb5 Na7 28. Bb4 Re6 29. a4 c5 30. Bc3 Nc8 31. Rd7 e4 32. Ng1 Ne7 33. Ne2 Ng6 34. Bxg7 Kxg7 35. Ng3 Ne5 36. Nxh5+ Kf8 37. Rb7 Ra8 38. Rd5 Rxa4 39. Rb8+ Ke7 40. Ng7 f6 41. Rb7+ 1-0